'L' Shows by Cast Photo Quiz Stats

 Plays Quiz Updated Apr 24, 2017

Support Sporcle.
Go Orange.
Score 0/20 Timer 10:00
0 Plays Today
% Correct
Lost
96.5%
Lassie
91.6%
Law and Order: SVU
81.3%
The Lone Ranger
80.8%
Little House on the Prairie
79.6%
The Love Boat
72.8%
Laverne and Shirley
67.6%
Lost in Space
61.7%
Leave It to Beaver
59.5%
Louie
57%
% Correct
Lizzie McGuire
50.5%
The Last Man on Earth
42.6%
Lie to Me
41.1%
Luther
41.1%
Little People, Big World
40.2%
The League
37.6%
Lucifer
29.9%
The Last Ship
23.9%
Leverage
23.5%
Longmire
22.8%

You're not logged in!

Compare scores with friends on all Sporcle quizzes.
OR
Log In
Forgot?

From the Vault

Chemical Elements by Ending Letter

by sproutcm

Sorry, Unobtainium is not an answer on this quiz.
Remove Ads.
Support Sporcle.
Get the best of Sporcle when you Go Orange. This ad-free experience offers more features, more stats, and more fun while also helping to support Sporcle. Thank you for becoming a member.

Show Comments

Extras

Top Quizzes Today


Score Distribution

Your Account Isn't Verified!

In order to create a playlist on Sporcle, you need to verify the email address you used during registration. Go to your Sporcle Settings to finish the process.

Report this User

Report this user for behavior that violates our Community Guidelines.

Details: